[Event "Mestre Cipressina op-B 5th"]
[Site "Mestre"]
[Date "2016.11.27"]
[Round "5"]
[White "Feltrin, Francesco"]
[Black "Civitareale, Alberto"]
[Result "1-0"]
[WhiteElo "1533"]
[BlackElo "1724"]
[PlyCount "53"]
[EventDate "2016.11.25"]
[EventType "swiss"]
[EventRounds "5"]
[EventCountry "ITA"]
[SourceTitle "EXT 2022"]
[Source "ChessBase"]
[SourceDate "2021.10.06"]
[SourceVersion "1"]
[SourceVersionDate "2021.10.06"]
[SourceQuality "1"]

1. e4 e5 2. Nf3 d6 3. Bc4 Be7 4. h3 Nf6 5. d3 0-0 6. 0-0 Nbd7 7. Nc3 b6 8. Re1 Bb7 9. d4 exd4 10. Nxd4 Ne5 11. Bb3 c5 12. Nf5 c4 13. f4 cxb3 14. fxe5 bxc2 15. Qxc2 dxe5 16. Rd1 Bc5+ 17. Be3 Bxe3+ 18. Nxe3 Qc8 19. Ned5 Nxd5 20. exd5 Qc5+ 21. Kh1 Rfd8 22. Qe4 f6 23. Rac1 Qd6 24. Nb5 Qd7 25. Rc7 Qxb5 26. Qg4 Rd7 27. Rxd7 1-0

[Event "Mestre Cipressina op-B 5th"]
[Site "Mestre"]
[Date "2016.11.26"]
[Round "3"]
[White "Civitareale, Alberto"]
[Black "Castaldini, Marzia"]
[Result "1/2-1/2"]
[WhiteElo "1724"]
[BlackElo "1498"]
[PlyCount "56"]
[EventDate "2016.11.25"]
[EventType "swiss"]
[EventRounds "5"]
[EventCountry "ITA"]
[SourceTitle "EXT 2022"]
[Source "ChessBase"]
[SourceDate "2021.10.06"]
[SourceVersion "1"]
[SourceVersionDate "2021.10.06"]
[SourceQuality "1"]

1. e4 c6 2. d4 d5 3. e5 e6 4. Nf3 c5 5. c3 cxd4 6. cxd4 Bb4+ 7. Nc3 Nc6 8. Bd3 Nge7 9. 0-0 0-0 10. Ng5 Nf5 11. Qh5 h6 12. Nf3 Ncxd4 13. Nxd4 Nxd4 14. Qg4 Bxc3 15. Bxh6 Nf3+ 16. gxf3 Bxe5 17. Bg5 f5 18. Qh5 Bf6 19. f4 Bd7 20. h4 Qe8 21. Qe2 g6 22. Kg2 Qb8 23. Bh6 Rf7 24. h5 Rh7 25. Bg5 Bxg5 26. hxg6 Rh4 27. Rh1 Rg4+ 28. Kf1 Qxf4 1/2-1/2

[Event "Mogliano Veneto op-B 34th"]
[Site "Mogliano Veneto"]
[Date "2013.04.25"]
[Round "1"]
[White "Bozzao, Francesco"]
[Black "Civitareale, Alberto"]
[Result "1/2-1/2"]
[WhiteElo "1857"]
[BlackElo "1737"]
[PlyCount "73"]
[EventDate "2013.04.25"]
[EventType "swiss"]
[EventRounds "6"]
[EventCountry "ITA"]
[SourceTitle "EXT 2015"]
[Source "ChessBase"]
[SourceDate "2014.11.20"]
[SourceVersion "1"]
[SourceVersionDate "2014.11.20"]
[SourceQuality "1"]

1. e4 e5 2. Nf3 Nc6 3. Bb5 a6 4. Ba4 Nf6 5. 0-0 b5 6. Bb3 Be7 7. Re1 0-0 8. a4 Bb7 9. c3 Na5 10. Bc2 d6 11. d4 exd4 12. cxd4 Nc6 13. Bg5 Nb4 14. axb5 Nxc2 15. Qxc2 axb5 16. Rxa8 Bxa8 17. d5 Nxd5 18. exd5 Bxg5 19. Qf5 Bf6 20. Nc3 Bxc3 21. bxc3 Re8 22. Rb1 g6 23. Qd3 c6 24. h3 Bb7 25. c4 bxc4 26. Qxc4 cxd5 27. Qb3 Ba8 28. Nd4 Qa5 29. Nf3 Qc5 30. Qa4 Bc6 31. Qh4 Qc3 32. Qh6 Qg7 33. Qf4 Qf8 34. Rb6 Rc8 35. Nd4 Ba8 36. Rxd6 Rd8 37. Rf6 1/2-1/2

[Event "Noale Szabados Memorial-B 5th"]
[Site "Noale"]
[Date "2012.02.05"]
[Round "4"]
[White "Civitareale, Alberto"]
[Black "Scandiuzzi, Roberto"]
[Result "1-0"]
[WhiteElo "1625"]
[BlackElo "1335"]
[PlyCount "107"]
[EventDate "2012.02.03"]
[EventType "swiss"]
[EventRounds "5"]
[EventCountry "ITA"]
[SourceTitle "EXT 2022"]
[Source "ChessBase"]
[SourceDate "2021.10.06"]
[SourceVersion "1"]
[SourceVersionDate "2021.10.06"]
[SourceQuality "1"]

1. e4 d6 2. d4 Nf6 3. Nc3 c6 4. Nf3 Bg4 5. Be2 Qb6 6. 0-0 Bxf3 7. Bxf3 e5 8. dxe5 dxe5 9. b3 Bc5 10. Na4 Bxf2+ 11. Rxf2 Qc7 12. Bb2 0-0 13. Rd2 Nbd7 14. Rd3 b5 15. Nc3 Nc5 16. Re3 Rad8 17. Qe1 Ne6 18. Kh1 Nd4 19. Qf2 Rd7 20. Nd1 Rfd8 21. Bxd4 Rxd4 22. Nb2 Rd2 23. Re2 R2d4 24. Nd3 c5 25. Qe1 g5 26. h3 a6 27. Nf2 h6 28. Rd1 Kg7 29. Rxd4 cxd4 30. g4 Qc6 31. Nd3 Re8 32. Nb4 Qd6 33. Qd2 Rd8 34. a3 a5 35. Nd3 Qc7 36. b4 a4 37. Nc5 Nd7 38. Nxd7 Rxd7 39. Rh2 Qc3 40. Qxc3 dxc3 41. Be2 Rd4 42. Bd3 Kf6 43. Rf2+ Ke6 44. Kg2 f6 45. Kf3 Rd8 46. Bxb5 Kd6 47. Bd3 Kc7 48. Ke2 Rd6 49. Rf1 Rb6 50. Rd1 Kb8 51. Bc4 Kc7 52. Rd5 Rd6 53. Rxd6 Kxd6 54. Bd5 1-0

[Event "Noale Szabados Memorial-B 5th"]
[Site "Noale"]
[Date "2012.02.04"]
[Round "3"]
[White "Zangrando, Gianpietro"]
[Black "Civitareale, Alberto"]
[Result "1-0"]
[WhiteElo "1796"]
[BlackElo "1625"]
[PlyCount "107"]
[EventDate "2012.02.03"]
[EventType "swiss"]
[EventRounds "5"]
[EventCountry "ITA"]
[SourceTitle "EXT 2022"]
[Source "ChessBase"]
[SourceDate "2021.10.06"]
[SourceVersion "1"]
[SourceVersionDate "2021.10.06"]
[SourceQuality "1"]

1. c4 Nf6 2. g3 e6 3. Bg2 Nc6 4. Nc3 d5 5. cxd5 exd5 6. d4 Bf5 7. a3 Be7 8. Nh3 Qd7 9. Nf4 Be4 10. f3 Bg6 11. Bh3 Qd8 12. 0-0 0-0 13. Be3 Re8 14. Bf2 a6 15. Qb3 Rb8 16. Nfxd5 Nxd5 17. Nxd5 Na5 18. Nxe7+ Rxe7 19. Qc3 Nc6 20. e4 f6 21. Rac1 Bf7 22. Kg2 Na7 23. d5 Nb5 24. Qa5 Be8 25. a4 b6 26. Qb4 a5 27. Qb3 Nd6 28. Be6+ Bf7 29. Bxf7+ Rxf7 30. Rc6 Re7 31. g4 Qe8 32. Rfc1 Rb7 33. Bg3 Qd7 34. Qc3 Ra7 35. Bxd6 cxd6 36. Qd4 Rb7 37. Rxb6 Rxb6 38. Qxb6 Rxe4 39. h3 Qxa4 40. Qxd6 Re2+ 41. Kg3 Re3 42. Rc8+ Re8 43. Qe6+ Kf8 44. Qxe8+ Qxe8 45. Rxe8+ Kxe8 46. Kf4 Kd7 47. Ke4 Kd6 48. h4 g6 49. f4 Kc5 50. g5 fxg5 51. fxg5 Kd6 52. Kd4 a4 53. Kc4 Kd7 54. Kc5 1-0

[Event "Treviso WE op 28th"]
[Site "Treviso"]
[Date "2004.12.08"]
[Round "5.22"]
[White "Mancin, Michele"]
[Black "Civitareale, Alberto"]
[Result "0-1"]
[WhiteElo "1440"]
[BlackElo "1682"]
[PlyCount "72"]
[EventDate "2004.12.04"]
[EventType "swiss"]
[EventCountry "ITA"]
[SourceTitle "EXT 2024"]
[Source "ChessBase"]
[SourceDate "2023.10.10"]
[SourceVersion "1"]
[SourceVersionDate "2023.10.10"]
[SourceQuality "1"]

1. d4 d5 2. Nf3 Nc6 3. e3 Nf6 4. Bd3 g6 5. c3 Bg7 6. Nbd2 0-0 7. 0-0 Re8 8. Re1 a6 9. e4 dxe4 10. Nxe4 e5 11. Bc2 exd4 12. Bg5 Be6 13. cxd4 Kh8 14. a3 Bd5 15. Qd2 Bxe4 16. Bxf6 Bxf6 17. Bxe4 Nxd4 18. Nxd4 Qxd4 19. Qxd4 Bxd4 20. Bxb7 Rxe1+ 21. Rxe1 Rb8 22. Bxa6 Rxb2 23. Rf1 Ra2 24. Bc4 Rxa3 25. Bxf7 Rc3 26. h3 Rc2 27. g3 c5 28. Kg2 c4 29. Kf3 c3 30. Bb3 Rb2 31. Bc4 Rd2 32. g4 c2 33. Rc1 Bb2 34. Ke3 Bxc1 35. Bd3 Rd1+ 36. Ke2 Bf4 0-1